000 00314nam a2200121Ia 4500
008 190722s9999 xx 000 0 und d
020 _a978-0-415-19108-1
100 _aMatt Jarvis
245 0 _aTheoretical Approaches in Psychology
260 _alondon
_bTaylor and Francis INC
_c2000
300 _a223
942 _cBK
999 _c738
_d738